[Event "AUS-ch U18 Girls"]
[Site "Mooroolbark"]
[Date "2011.01.17"]
[Round "3"]
[White "Narenthran, Janaki"]
[Black "Dilnutt, Charlotte"]
[Result "0-1"]
[WhiteElo "834"]
[BlackElo "782"]
[PlyCount "58"]
[EventDate "2011.01.15"]
[EventType "tourn"]
[EventRounds "7"]
[EventCountry "AUS"]
[SourceTitle "EXT 2013"]
[Source "ChessBase"]
[SourceDate "2012.11.22"]
[SourceVersion "1"]
[SourceVersionDate "2012.11.22"]
[SourceQuality "1"]

1. e4 c5 2. Nf3 e6 3. Nc3 d6 4. d4 cxd4 5. Nxd4 Nf6 6. Be2 Be7 7. 0-0 0-0 8. Be3 b6 9. f4 Bb7 10. Bf3 Nc6 11. e5 Nd5 12. Nxd5 exd5 13. Bxd5 Rc8 14. Nxc6 Bxc6 15. Bxc6 Rxc6 16. exd6 Bxd6 17. Qe2 Qc7 18. c3 Re8 19. Qf3 Rxe3 20. Rfe1 Rxf3 21. Re8+ Bf8 22. Rd1 Re6 23. Ra8 Rxf4 24. g3 Qc5+ 25. Kg2 Qf2+ 26. Kh1 Qf3+ 27. Kg1 Qxd1+ 28. Kg2 Qf3+ 29. Kg1 Qf1# 0-1

[Event "AUS-ch U18 Girls"]
[Site "Sandy Bay"]
[Date "2010.01.14"]
[Round "1"]
[White "Pretorius, Jana"]
[Black "Narenthran, Janaki"]
[Result "1-0"]
[WhiteElo "1094"]
[BlackElo "422"]
[PlyCount "37"]
[EventDate "2010.01.14"]
[EventType "swiss"]
[EventRounds "9"]
[EventCountry "AUS"]
[SourceTitle "EXT 2011"]
[Source "ChessBase"]
[SourceDate "2010.11.26"]
[SourceVersion "1"]
[SourceVersionDate "2010.11.26"]
[SourceQuality "1"]

1. d4 d5 2. Nf3 Nf6 3. e3 e6 4. Bd3 Be7 5. Nbd2 Nbd7 6. Qe2 0-0 7. 0-0 b6 8. e4 c5 9. c3 dxe4 10. Nxe4 Bb7 11. Nxf6+ Nxf6 12. Rd1 Qc7 13. Bg5 Nd5 14. Bxe7 Nxe7 15. Ng5 h6 16. Bh7+ Kh8 17. Qh5 g6 18. Qxh6 Nf5 19. Qh3 1-0